[Event "POLFINAL MISTRZOSTW POLSKI JUNIOROW 2016 - D15"]
[Site "Centrum Kongresow i Rekreacji Orle Gniazdo ul. Wrzosowa 28a, Szczyrk"]
[Date "1899-12-30"]
[Round "9.7"]
[White "Kubiak, Aleksandra"]
[Black "Nalezna, Gabriela"]
[Result "1-0"]
[WhiteTitle "II"]
[BlackTitle "II+"]
[WhiteElo "1167"]
[BlackElo "1233"]

1. e4 c6 2. d4 d5 3. e5 Bf5 4. Nc3 e6 5. g4 Bg6 6. Nge2 h6 7. Nf4 Bh7 8. Be3 Nd7
9. Qd2 Qc7 10. O-O-O O-O-O 11. Nh5 c5 12. f4 cxd4 13. Bxd4 a6 14. Bh3 Ne7 15.
Rhg1 Rg8 16. Ng3 Nc6 17. Bf2 Bc5 18. Bxc5 Nxc5 19. a3 Rgf8 20. Bf1 Qe7 21. Re1
f6 22. exf6 Qxf6 23. Nh5 Qf7 24. b4 Nd7 25. h3 Nf6 26. Ng3 Kc7 27. Na4 Ne4 28.
Nxe4 Bxe4 29. Nc5 Kb8 30. Qe3 Rde8 31. Nxe4 dxe4 32. Qxe4 Qxf4+ 33. Qxf4+ Rxf4
34. Bd3 e5 35. Rgf1 Ref8 36. Bf5 Rxf1 37. Rxf1 g6 38. Bd3 Rxf1+ 39. Bxf1 Kc7 40.
Kd2 Kd6 41. Bg2 Nd8 42. c4 b6 43. Bd5 Kc7 44. Kd3 Kd6 45. Ke4 a5 46. h4 a4 47.
h5 gxh5 48. gxh5 Ne6 49. Bxe6 Kxe6 50. c5 b5 51. c6 Kd6 52. c7 Kxc7 53. Kxe5 Kc6
54. Ke6 Kc7 55. Kd5 Kb6 56. Kd6 Kb7 57. Kc5 Kc7 58. Kxb5 Kb7 59. Kxa4 Ka6 60.
b5+ Kb6 61. Kb4 Kb7 62. Kc5 Kc7 63. b6+ Kb7 64. a4 Kc8 65. Kc6 Kb8 66. b7 Ka7
67. Kc7 1-0

[Event "POLFINAL MISTRZOSTW POLSKI JUNIOROW 2016 - D15"]
[Site "Centrum Kongresow i Rekreacji Orle Gniazdo ul. Wrzosowa 28a, Szczyrk"]
[Date "1899-12-30"]
[Round "9.8"]
[White "Robakowska, Paulina"]
[Black "Wasala, Wiktoria"]
[Result "0-1"]
[WhiteTitle "I"]
[BlackTitle "I"]
[WhiteElo "1379"]
[BlackElo "1370"]

1. d4 c5 2. c3 e6 3. e4 d5 4. e5 Nc6 5. Nf3 Be7 6. Bd3 Qb6 7. a3 cxd4 8. cxd4 Bd7
9. Bc2 f6 10. O-O fxe5 11. dxe5 Bc5 12. b4 Be7 13. Ng5 g6 14. Nxh7 O-O-O 15. Bxg6
Qc7 16. f4 Nh6 17. Qc2 Nf5 18. Bxf5 exf5 19. Nf6 Bxf6 20. exf6 Kb8 21. Bb2 Qb6+
22. Qf2 d4 23. b5 Qxb5 24. Bxd4 Rhe8 25. a4 Qc4 26. Be3 Qd3 27. Re1 Nd4 28. Ra3
Qe4 29. Bd2 Qd5 30. Rxe8 Rxe8 31. Be3 Bc6 32. Nc3 Qc5 33. Nb1 Qd5 34. Nc3 Qc5
35. Nb1 Qd5 36. Qd2 Rg8 37. Kf1 Rxg2 38. Bf2 Qc4+ 39. Rd3 Nf3 40. Qc3 Nxh2+ 41.
Ke1 Qe4+ 42. Be3 Rg1+ 43. Kd2 Qg2+ 44. Bf2 Qxf2# 0-1

[Event "POLFINAL MISTRZOSTW POLSKI JUNIOROW 2016 - D15"]
[Site "Centrum Kongresow i Rekreacji Orle Gniazdo ul. Wrzosowa 28a, Szczyrk"]
[Date "1899-12-30"]
[Round "9.9"]
[White "Lewicka, Natalia"]
[Black "Jedras, Adrianna"]
[Result "1/2-1/2"]
[WhiteTitle "II"]
[BlackTitle "I"]
[WhiteElo "1240"]
[BlackElo "1244"]

1. d4 d5 2. c4 e6 3. Nc3 Bb4 4. Qa4+ Nc6 5. e3 Bd7 6. Bd2 Nxd4 7. Qd1 Nf5 8. a3
Bxc3 9. Bxc3 Nf6 10. Nf3 Ne4 11. cxd5 Nxc3 12. bxc3 Qf6 13. Nd4 Nxd4 14. Qxd4
Qxd4 15. cxd4 exd5 16. Bd3 O-O 17. O-O c6 18. Rab1 Rab8 19. Rb2 b5 20. Rfb1 Rb7
21. a4 Rfb8 22. Kf1 g6 23. Ke2 Bf5 24. Bxf5 gxf5 25. Kf3 Kg7 26. Kf4 Kf6 27. a5
a6 28. Rc1 Rc8 29. Rbc2 Rbc7 30. h3 h6 31. g4 fxg4 32. hxg4 Ke7 33. Rh1 Rh8 34.
f3 Kd6 35. Rh5 f6 36. Rch2 Rch7 37. Kf5 Ke7 38. f4 b4 39. Rb2 Rb8 40. Kg6 Rhh8
41. Kf5 b3 42. Rh1 Rb5 43. Rhb1 Rhb8 44. Kg6 Rxa5 45. Rxb3 Rab5 46. Rxb5 axb5
47. Ra1 b4 48. Ra7+ Kd6 49. Kxf6 b3 50. Ra1 b2 51. Rb1 c5 52. dxc5+ Kxc5 53. Kg7
Kc4 54. f5 Kc3 55. f6 Kc2 56. Rh1 b1=Q 57. Rxb1 Rxb1 58. f7 Rb7 59. Kg8 Rb8+ 60.
f8=Q Rxf8+ 61. Kxf8 Kd3 62. Kg7 Kxe3 63. Kxh6 d4 64. g5 d3 65. g6 d2 66. g7 d1=Q
67. g8=Q Qh1+ 68. Kg7 Qg2+ 69. Kf8 Qxg8+ 70. Kxg8 1/2-1/2

[Event "POLFINAL MISTRZOSTW POLSKI JUNIOROW 2016 - D15"]
[Site "Centrum Kongresow i Rekreacji Orle Gniazdo ul. Wrzosowa 28a, Szczyrk"]
[Date "1899-12-30"]
[Round "9.10"]
[White "Palka, Aleksandra"]
[Black "Majdecka, Nikola"]
[Result "1-0"]
[WhiteTitle "II"]
[BlackTitle "III"]
[WhiteElo "1108"]
[BlackElo "1060"]

1. e4 e5 2. Bc4 Nf6 3. Nc3 Nc6 4. d3 h6 5. Nf3 Bc5 6. h3 O-O 7. O-O d6 8. Re1 a6
9. a3 Be6 10. Bxe6 fxe6 11. b4 Ba7 12. Ne2 d5 13. Ng3 Qd7 14. Bb2 Rad8 15. exd5
Qxd5 16. Ne4 Kh8 17. Qe2 Nd4 18. Bxd4 Bxd4 19. Nxd4 Qxd4 20. Qe3 Nxe4 21. Qxd4
Rxd4 22. Rxe4 Rf5 23. Rae1 Rd5 24. R1e3 b5 25. g4 Rf6 26. Rxe5 Rxe5 27. Rxe5 Kh7
28. Rc5 Rf7 29. Rc6 Kg6 30. Rxe6+ Kg5 31. Rxa6 Kh4 32. Kg2 h5 33. gxh5 Rf5 34.
Rg6 Rf7 35. h6 1-0